000
00294nam a2200121Ia 4500
008
190216s9999||||xx |||||||||||||| ||und||
100
_a
Loney. S.L
245
0
_a
"Plane Trignometry Part I,Ii"
260
_b
Surjeet Pubs.Delhi
300
_a
228
650
_a
Mathematical Geography
942
_c
BK
999
_c
32189
_d
32189